El Samán de la Trinidad o Samán de Bello.

Gardado en:
Detalles Bibliográficos
Autor Principal: Barnola, Pedro P. (prólogo, compilación y notas)
Formato: Libro
Publicado: Caracas, Venezuela: La Casa de Bello, 1981.
Subjects:
Tags: Engadir etiqueta
Sen Etiquetas, Sexa o primeiro en etiquetar este rexistro!

MARC

LEADER 00000nam a22000007a 4500
003 CL-VaPUC
005 20220822114719.0
008 220725t1981 ||||| |||| 00| 0 eng d
999 |c 437517  |d 437515 
040 |c Pontificia Universidad Católica de Valparaíso 
082 7 |a 808.8036 BAR 1981  |2 22 
100 |a Barnola, Pedro P.   |e prólogo, compilación y notas   |9 873852 
245 |a El Samán de la Trinidad o Samán de Bello. 
260 |a Caracas, Venezuela:  |b La Casa de Bello,   |c 1981. 
300 |a 77 páginas.  
500 |a c.1 Donación Familia Prof. Alejandro Guzmán Brito. 
583 |c 20220725  |k Cristina María Rojas Aguilar 
600 0 |a Bello, Andrés,   |9 545824  |d 1781-1865 
651 |a Caracas   |z Venezuela   |x Descripciones y viajes   |9 873853 
942 |2 ddc  |c BK  |n 0 
952 |0 0  |1 0  |2 ddc  |4 0  |6 808_803600000000000_BAR_1981  |7 0  |8 C_AGB  |9 585288  |a BIBDER  |b BIBDER  |d 2022-07-25  |e Donación   |i 5653325  |o 808.8036 BAR 1981  |p 5653325  |r 2023-01-25  |t 1  |w 2022-07-25  |y BK_US  |k AGB